000 00920nam a22002417a 4500
005 20090905100731.0
008 090904t xxu||||| |||| 00| 0 eng d
010 _aB-357023
020 _c500.00
_a9788190524902
035 _aB-357023
037 _bDBAD / PUB
040 _adpl
_bEnglish
082 _a333.95416092
100 _aVerma, Vijay
245 _aA life long romance:
_cby Vijay Verma
_bwith nature and the wild /
260 _aJaipur
_bShruti Publications
_c2009
270 _a50-Ka-6, Jyoti Nagar,
_bJaipur
_e302005
300 _a172p. :
_c24cm(Hb)
_bill.
650 _aWildlife conservation
_zIndia
650 _aNature conservation
_zIndia
942 _2ddc
_cCH
_h333.95416092
_mVER
999 _c30029
_d30029